=LDR 00000nam 2200000 4500 =001 INLIS000000000040385 =005 20130612145942 =008 ***********************************ind** =035 ##$$0010-061300000040385 =041 ##$$a ind =082 ##$$a 800 =090 ##$$a 800, Bud s =100 ##$$a Budiman, niko =245 ##$$a Seri Kisah bijak, 101 Kisah Binatang =650 ##$$a Bacaan Kanak-kanak =850 ##$$a NBPNMAT =990 ##$$a 0001/BPAP-NTB/20142014